• 首页
  • 本馆介绍
  • 公告通知
  • 最新文献
  • 馆藏检索
  • 电子资源
  • 读者导购
  • 参考咨询
  • 我的图书馆
  • 登录
  • 详细信息显示
  • 放入我的书架
  • 预约/预借图书
  • 作者相关作品
  • 分类相关作品
  • 丛书相关作品
  • 出版社相关作品

书目信息

  • 表格格式
  • 工作单格式
  • 卡片格式
题名:
公共资源管理
    
 
作者: 黄新华 著
分册:  
出版信息: 北京   光明日报出版社  2022.08
页数: 289页
开本: 24cm
丛书名: 厦门社科丛书
单 册:
中图分类: F205
科图分类:
主题词: 资源管理--zi yuan guan li
电子资源:
ISBN: 978-7-5194-6721-0
000 01259nam 2200277 450
001 CAL 012022050765
005 20230217093112.0
010    @a978-7-5194-6721-0@dCNY85.00
100    @a20221115d2022 em y0chiy0120 ea
101 0  @achi
102    @aCN@b110000
105    @ay a 000yy
106    @ar
200 1  @a公共资源管理@Agong gong zi yuan guan li@f黄新华等著
210    @a北京@c光明日报出版社@d2022.08
215    @a289页@d24cm
225 2  @a厦门社科丛书@Axia men she ke cong shu
314    @a黄新华博士, 现任厦门大学公共事务学院教授、博士生导师, 入选教育部新世纪优秀人才支持计划, 福建省优秀教师, 福建省优秀青年社会科学工作者 (十佳)。
320    @a有书目 (第271-287页)
330    @a本书基于国内外理论研究和实践进展, 阐明了公共资源的概念与内涵, 厘清了公共资源的类别与特征, 分析了公共资源管理的经济学机理, 梳理了公共资源管理的实践经验及其启示, 在对厦门市公共资源管理案例分析的基础上, 提出了完善公共资源管理的优化路径。特别值得指出的是, 本书在附录中, 对作为公共资源的大数据管理进行了系统地剖析, 这对数字时代的公共资源管理是一个丰富和拓展。
410  0 @12001 @a厦门社科丛书
606 0  @a资源管理@Azi yuan guan li
690    @aF205@v5
701  0 @a黄新华@Ahuang xin hua@4著
801  0 @aCN@bBJXHZP@c20230222
905    @b1378632-5@dF205@e113@f4
    
    公共资源管理/黄新华等著.-北京:光明日报出版社,2022.08
    289页;24cm.-(厦门社科丛书)
    
    
    ISBN 978-7-5194-6721-0:CNY85.00
    本书基于国内外理论研究和实践进展, 阐明了公共资源的概念与内涵, 厘清了公共资源的类别与特征, 分析了公共资源管理的经济学机理, 梳理了公共资源管理的实践经验及其启示, 在对厦门市公共资源管理案例分析的基础上, 提出了完善公共资源管理的优化路径。特别值得指出的是, 本书在附录中, 对作为公共资源的大数据管理进行了系统地剖析, 这对数字时代的公共资源管理是一个丰富和拓展。
●
相关链接 在E读中查询图书 在五车中查询图书 在当当中查询图书 在豆瓣中查询图书


正题名:公共资源管理     索取号:F205/113         预约/预借

序号 登录号 条形码 馆藏地/架位号 状态 备注
1 1378632   213786321   第一样本阅览室/ [索取号:F205/113] 在馆    
2 1378633   213786330   第一借阅区/ [索取号:F205/113] 在馆    
3 1378634   213786349   第一借阅区/ [索取号:F205/113] 在馆    
4 1378635   213786358   第一借阅区/ [索取号:F205/113] 在馆    
唐山师范学院图书馆 欢迎您!
大连网信软件有限公司© 版权所有